00689nam a22002417a 45000010005000000030006000050050017000110080041000280200018000690400029000870500009001160820008001251000023001332450047001562600037002033000048002404900031002885050007003195200045003265210027003715210018003986500031004166027FISKH20250224093139.0250224b cb ||||| |||| 00| 0 eng d a9780545060943 aFISKHbengcFISKHdFISKH aPZ7  a612 aJameson, Ruby J.  aThe amazing human body /cRuby J. Jameson  aNew York ; bScholastic, c2008. a16 pages : bcolor illustrations ; c23 cm  aScience vocabulary readers aL  aLearn all about the amazing human body. 8 a510 bLexile estimate 8 aL bRaz-Plus  aBody vHealth xHuman Body